| 000 | 00618npc a2200205Ia 4500 | ||
|---|---|---|---|
| 001 | dg77-35398 | ||
| 003 | IT-MiCISF | ||
| 008 | 161014s9999||||xx | und|| | ||
| 040 |
_aIT-MiCISF _cIT-MiCISF |
||
| 041 | _ait | ||
| 100 | _aAA.VV. | ||
| 245 | 0 |
_aI nuovi padri _bPolitiche femminili e pari opportunità |
|
| 250 | _a1a ed. | ||
| 260 |
_bRegione Lombardia _c2002 |
||
| 300 | _app. 32 | ||
| 500 | _aAssociazione per la famiglia / politica-familiare, previdenze-per-famiglia, paternità , territorio, esperienze, servizi / | ||
| 650 | _apolitica-familiare | ||
| 942 | _cDD | ||
| 957 | _71 | ||
| 999 |
_a35398 _bsi _g1 _c207187 _d207187 |
||